• 首页
  • 本馆介绍
  • 公告通知
  • 最新文献
  • 馆藏检索
  • 电子资源
  • 读者导购
  • 参考咨询
  • 我的图书馆
  • 登录
  • 详细信息显示
  • 放入我的书架
  • 预约/预借图书
  • 作者相关作品
  • 分类相关作品
  • 丛书相关作品
  • 出版社相关作品

书目信息

  • 表格格式
  • 工作单格式
  • 卡片格式
题名:
AutoCAD 2007建筑与室内装饰设计艺术
    
 
作者: ;互动空间 编著
分册:  
出版信息: 北京   电子工业出版社  2008
页数: 398页
开本: 26cm
丛书名:
单 册:
中图分类: TU204-39 , TU238-39
科图分类:
主题词: 建筑制图--制图程序 , 室内装饰--制图程序 , 建筑制图 , 制图程序 , 室内装饰
电子资源:
ISBN: 978-7-121-05645-1
000 01027nam0 2200313 450
001 1538689573
005 20150131104522.06
010    @a978-7-121-05645-1@dCNY49.00
100    @a20080710d2008 em y0chiy50 ea
101 0  @achi
102    @aCN@b110000
105    @aa z 000yy
200 1  @aAutoCAD 2007建筑与室内装饰设计艺术@9AutoCAD 2007 jian zhu yu shi nei zhuang shi she ji yi shu@f互动空间编著
210    @a北京@c电子工业出版社@d2008
215    @a398页@c图@d26cm@e1光盘
300    @a高手过招
307    @a附光盘:ISBN 978-7-900240-03-3
330    @a本书共分10章,包括建筑与室内设计基础、绘制建筑基本图块、绘制室内装饰基本图块、绘制建筑总平面图、绘制建筑详图、绘图建筑平面图等内容。
606 0  @a建筑制图@x制图程序
606 0  @a室内装饰@x制图程序
606 0  @a建筑制图
606 0  @a制图程序
606 0  @a室内装饰
610 0  @aAutoCAD
690    @aTU204-39@v5
690    @aTU238-39@v5
711 02 @a互动空间@9hu dong kong jian@4编著
801  0 @aCN@bTSSF@c20150131
905    @aZUCC@dTU204-39@eJY87
    
    AutoCAD 2007建筑与室内装饰设计艺术/互动空间编著.-北京:电子工业出版社,2008
    398页:图;26cm+1光盘
    高手过招
    
    ISBN 978-7-121-05645-1:CNY49.00
    本书共分10章,包括建筑与室内设计基础、绘制建筑基本图块、绘制室内装饰基本图块、绘制建筑总平面图、绘制建筑详图、绘图建筑平面图等内容。
●
相关链接 在E读中查询图书 在五车中查询图书 在当当中查询图书 在豆瓣中查询图书


正题名:AutoCAD 2007建筑与室内装饰设计艺术     索取号:TU204-39/JY87         预约/预借

序号 登录号 条形码 馆藏地/架位号 状态 备注
1 7862748   278627489   学院路分馆/ [索取号:TU204-39/JY87] 在馆    
2 7862749   278627498   学院路分馆/ [索取号:TU204-39/JY87] 在馆    
唐山师范学院图书馆 欢迎您!
大连网信软件有限公司© 版权所有